Normal view MARC view

Entry Corporate Name

Number of records used in: 2

001 - CONTROL NUMBER

  • control field: 1239836

003 - CONTROL NUMBER IDENTIFIER

  • control field: OSt

005 - DATE AND TIME OF LATEST TRANSACTION

  • control field: 20260514122639.0

008 - FIXED-LENGTH DATA ELEMENTS

  • fixed length control field: 260514|| aca||aabn | a|a d

040 ## - CATALOGING SOURCE

  • Original cataloging agency: OSt
  • Transcribing agency: OSt

110 ## - HEADING--CORPORATE NAME

  • Corporate name or jurisdiction name as entry element: Anatomy

670 ## - SOURCE DATA FOUND

  • Source citation: Work cat.: (OSt)1851578: Rangrej Dr.Shahid Bakhsh 1239833, Human Cadaveric Study of Branching Pattern of Superior and Inferior Mesenteric Arteries with Reference to Marginal Artery for Collateral Circulation.
Copyright @ Delhi University Library System